Guía práctica de valoración de empresas (Registro nro. 6496)

Detalles MARC
000 -LEADER
fixed length control field 01644nam a22003017a 4500
003 - CONTROL NUMBER IDENTIFIER
control field OSt
005 - DATE AND TIME OF LATEST TRANSACTION
control field 20200212115221.0
008 - FIXED-LENGTH DATA ELEMENTS--GENERAL INFORMATION
fixed length control field 200212s2012 sp d||||r|||| 00| 0 spa d
020 ## - INTERNATIONAL STANDARD BOOK NUMBER
International Standard Book Number 9788415504672
040 ## - CATALOGING SOURCE
Original cataloging agency CO-JMCR
Transcribing agency CO-JMCR
082 ## - DEWEY DECIMAL CLASSIFICATION NUMBER
Classification number 658.1
Item number C335g
100 1# - MAIN ENTRY--PERSONAL NAME
Personal name Ramón, Montserrat Casanovas,
Relator term autor
9 (RLIN) 478
245 1# - TITLE STATEMENT
Title Guía práctica de valoración de empresas
Statement of responsibility, etc. Montserrat Casanovas Ramón, Pol Santandreu, Fina Alemany, Carolina Álvarez, Maria Josep Arasa, Marc Garriga, [otros 4]
260 ## - PUBLICATION, DISTRIBUTION, ETC.
Place of publication, distribution, etc. [España] :
Name of publisher, distributor, etc. Profit,
Date of publication, distribution, etc. 2012
300 ## - PHYSICAL DESCRIPTION
Extent 125 páginas :
Other physical details ilustraciones a blanco y negro ;
Dimensions 21 cm.
490 ## - SERIES STATEMENT
Series statement Colección : MBA práctico
504 ## - BIBLIOGRAPHY, ETC. NOTE
Bibliography, etc. note Bibliografía páginas 123-125.
505 ## - FORMATTED CONTENTS NOTE
Formatted contents note Proceso de metodología de valoración de empresas -- Fundamentos básicos de la valoración de empresas -- Principales métodos de valoración de empresas
520 ## - SUMMARY, ETC.
Summary, etc. Una completa reseña de diversos modelos de valoración empresarial que opera cómo guía practica de aplicación de casos reales. Estructurado en tres partes el libro de desarrollo primeramente el proceso de metodología de valoración de empresas, presenta luego dos casos prácticos que ayudan la comprensión del tema y detalle en el final de una serie de conclusiones que acompaña de bibliografía esencial.
650 14 - SUBJECT ADDED ENTRY--TOPICAL TERM
Topical term or geographic name entry element Empresas comerciales
General subdivision Valoración
9 (RLIN) 479
650 14 - SUBJECT ADDED ENTRY--TOPICAL TERM
Topical term or geographic name entry element Valoración
General subdivision negocios
9 (RLIN) 480
700 1# - ADDED ENTRY--PERSONAL NAME
Personal name Santandreu, Pol,
Relator term autor
9 (RLIN) 481
700 1# - ADDED ENTRY--PERSONAL NAME
Personal name Alemany, Fina
Relator term autor
9 (RLIN) 482
700 1# - ADDED ENTRY--PERSONAL NAME
Personal name Álvarez, Carolina,
Relator term autor
9 (RLIN) 483
700 1# - ADDED ENTRY--PERSONAL NAME
Personal name Arasa, Maria Josep,
Relator term autor
9 (RLIN) 484
700 1# - ADDED ENTRY--PERSONAL NAME
Personal name Garriga, Marc,
Relator term autor
9 (RLIN) 485
942 ## - ADDED ENTRY ELEMENTS (KOHA)
Source of classification or shelving scheme Dewey Decimal Classification
Koha item type Books
Existencias
Withdrawn status Lost status Source of classification or shelving scheme Damaged status Not for loan Home library Current library Shelving location Date acquired Source of acquisition Cost, normal purchase price Total Checkouts Full call number Barcode Date last seen Copy number Price effective from Koha item type
    Dewey Decimal Classification     Biblioteca Pública José María del Castillo y Rada Biblioteca Pública José María del Castillo y Rada Processing Center 12/19/2019 Donación 0.00   658.1 / C335g 201809637 05/16/2024 Ej.1 02/12/2020 Books